| 000 | 00538nam a2200193 a 4500 | ||
|---|---|---|---|
| 005 | 20240911064014.0 | ||
| 008 | 991125s1977 es 000 0 spa u | ||
| 020 | _a8430781595 | ||
| 035 | _aUPN01000005840 | ||
| 049 | _aCG | ||
| 050 | 4 |
_aQH309 _bW3.28 1977 |
|
| 100 | 1 |
_aWaddington, Conrad Hal, _d1905-1975 |
|
| 245 | 1 | 0 |
_aBiología hoy / _cC. H. Waddington ; tr. Fernando Rivas. |
| 260 |
_aBarcelona [Esp.] : _bTeide, _c1977. |
||
| 300 |
_a151 p. : _bil. |
||
| 440 | 0 |
_aHay que saber ; _v1 |
|
| 650 | 2 |
_aBiología _94222 |
|
| 905 | _aLibro | ||
| 999 |
_c5840 _d5840 |
||